header

Remapping the Mediterranean world in early modern English writings (Record no. 248821)

MARC details
000 -LEADER
fixed length control field 01743nam a2200421Ia 4500
082 04 - DEWEY DECIMAL CLASSIFICATION NUMBER
Classification number 820.9321822
245 00 - TITLE STATEMENT
Title Remapping the Mediterranean world in early modern English writings
260 ## - PUBLICATION, DISTRIBUTION, ETC. (IMPRINT)
Place of publication Basingstoke :
Name of publisher Palgrave Macmillan,
Year of publication 2007.
300 ## - PHYSICAL DESCRIPTION
Number of Pages xv, 296 p.
490 1# - SERIES STATEMENT
Series statement Early modern cultural studies
650 #0 - SUBJECT ADDED ENTRY--TOPICAL TERM
Topical Term English literature
Topical Term English literature
Topical Term Multiculturalism in literature.
Topical Term Imperialism in literature.
Topical Term Mercantile system in literature.
Topical Term English literature
Topical Term Islam in literature.
700 1# - ADDED ENTRY--PERSONAL NAME
Personal name Stanivukovic, Goran V.
856 40 - ELECTRONIC LOCATION AND ACCESS
Uniform Resource Identifier http://site.ebrary.com/lib/rucke/Doc?id=10172635

No items available.

© 2026 Rongo University
Contact us: librarian | system librarian | Rongo university